Walt Disney Animation Studios : The Archive Series : Design /

Colección de compilaciones documentales formadas con base en los archivos de la división de cine animado de Walt Disney Productions. La colección está formada por los volúmenes titulados respectivamente Story, Animation, Design y Layout and Background. Design, la tercera de las entregas, recoge cien...

Descripción completa

Guardado en:
Detalles Bibliográficos
Autor corporativo: Walt Disney Productions
Otros autores: Lasseter, John (introducción) (introducción)
Formato: Libro
Idioma:Inglés
Publicado: Los Angeles, EUA : Walt Disney, 2010, c2010
Colección:(Walt Disney Animation Studios: The Archive Series)
Temas:
Etiquetas: Agrega una etiqueta
Sin etiquetas, Sé el primero en etiquetar este registro!

MARC

LEADER 00000nam^a2200000^a^4500
001 000359415
005 20250521000000.0
009 20260310115354.796
020 |a 978-142313420-6 
037 |a Acervo ITESO - Biblioteca 
041 |a ING 
082 |a 302. 2350973  |b DIS V. 3 
110 |a Walt Disney Productions 
240 1 1 |a [Walt Disney Animation Studios: The Archive Series] 
245 1 0 |a Walt Disney Animation Studios :  |b The Archive Series : Design /  |c Walt Disney Productions ; introd. de J. Lasseter. 
264 4 |a Los Angeles, EUA :  |b Walt Disney,  |c 2010, c2010 
300 |a 287 p. 
336 |a texto  |b txt  |2 rdacontenido 
337 |a sin mediación  |b n  |2 rdamedio 
338 |a volumen  |b nc  |2 rdasoporte 
440 1 |a (Walt Disney Animation Studios: The Archive Series) 
520 |a Colección de compilaciones documentales formadas con base en los archivos de la división de cine animado de Walt Disney Productions. La colección está formada por los volúmenes titulados respectivamente Story, Animation, Design y Layout and Background. Design, la tercera de las entregas, recoge cientos de dibujos, pinturas y representaciones en computadora, trazados por más de un centenar de colaboradores y que formaron parte de los procesos creativos de diversos proyectos y películas de animación de los años 1928-2010. 
546 |a Edición gráfica con texto en inglés 
649 |a XX 
650 |a Estudios Cinematográficos -  |z EUA 
650 |a Películas Infantiles -  |z EUA -  |x Historia y Crítica 
650 |a Cine de Animación -  |z EUA -  |x Historia y Crítica -  |x Tema Principal 
650 |a Cine Norteamericano -  |x Historia y Crítica 
650 |a Cine Norteamericano -  |y Siglo XX 
650 |a Cine Norteamericano -  |y Siglo XXI 
650 |a Dibujo -  |z EUA 
650 |a Diseño Gráfico -  |z EUA 
650 |a Diseño Norteamericano 
650 |a Comunicación Visual -  |z EUA 
650 |a Walt Disney Productions -  |x Tema Principal 
700 |a Lasseter, John  |e (introducción) 
910 |a Fondo General 
920 |a Impresos - Libros 
930 |a Reserva Especial 
905 |a 103 
901 |a 0500252653  |b IT1  |c REE  |i C142558  |u 20250521 
902 |a https://opac.biblio.iteso.mx/vufind/Record/000359415